000 01698cam a22004815a 4500
001 16847102
003 OSt
005 20140310182747.0
008 110628m20109999enk 000 0 eng
010 _a 2011453227
020 _a9780194756105 (pbk. : bk. 1)
020 _a9780194756112 (pbk. : bk. 2)
020 _a9780194756129 (pbk. : bk. 3)
020 _a9780194756136 (pbk. : bk. 4)
020 _a9780194756044 (pbk. : bk. 5)
040 _aDLC
_cDLC
_dDLC
042 _apcc
050 0 0 _aPE 1128
_b.Sc283 2011
082 0 0 _aM 428.2
_bL486 2011
245 0 0 _aListening and Speaking 1
_cScanlon, Jaimie
246 1 _iAt head of title:
_aQ: Skills for success
260 _aOxford
_aNew York
_bOxford Univ Press
_cc2010
300 _a213 p.
_bill. (some col.)
_c26 cm.
490 0 _aQ: Skills for Success
505 1 _aBk. 1 / Jaimie Scanlon -- Bk. 2 / Margaret Brooks -- Bk. 3 / Miles Craven, Kristin D. Sherman -- Bk. 4 / Robert Freire, Tamara Jones -- Bk. 5 / Susan Earle-Carlin --
521 _aCollege Student
526 _c1210L-1700L
541 _j1
562 _e1
650 0 _aEnglish language
_vTextbooks for foreign speakers.
650 0 _aListening.
700 1 _aFreire, Robert.
700 1 _aJones, Tamara.
700 1 _aScanlon, Jaimie.
700 1 _aBrooks, Margaret.
700 1 _aCraven, Miles.
700 1 _aSherman, Kristin.
700 1 _aEarle-Carlin, Susan.
906 _a7
_bcbc
_corigres
_d2
_encip
_f20
_gy-gencatlg
942 _2lcc
_cBK
_kM
999 _c15674
_d15674